| 000 | 02518nam0a2200433 4500 | ||
|---|---|---|---|
| 001 | RU\NLR\bibl\158846 | ||
| 005 | 20260407064113.0 | ||
| 010 |
_a5-88143-068-9 _bВ пер. _93000 |
||
| 021 |
_aRU _b2001-2092 _9110 |
||
| 035 | _a(NLR Aleph) 000155804 | ||
| 090 |
_a895139 _c895139 |
||
| 100 | _a20010316d2000 |||y0rusy50 ca | ||
| 101 | 0 | _arus | |
| 102 | _aRU | ||
| 105 | _aa z|||||||| | ||
| 200 | 1 |
_aМой родной Московский... "Ради жизни на земле..." _eвоспоминания ветеранов и лучшие работы школьников Московского района - участников конкурса, посвященного 55-летию Победы _fТерритор. упр. Моск. адм. р-на г. Санкт-Петербурга, Упр. образования Моск. р-на, Науч.-метод. центр Упр. образования Моск. р-на _g[сост. Белотелова А.Н. и др. _gпод общ. ред. Ивановой О.В.] |
|
| 210 |
_aСанкт-Петербург _cПетроградский и К° _d2000 |
||
| 215 |
_a264 с., [12] л. ил. _cил. _d22 |
||
| 606 | 0 |
_aВеликая Отечественная война _jВоспоминания, записки и т.п. _z1941 - 1945 _9903571 _3RU\NLR\auth\668893 |
|
| 606 | 1 |
_aКраеведческая работа _jСборники _xСредняя школа _yСанкт-Петербург, город _92107072 _3RU\NLR\AUTH\661273756 |
|
| 606 | 0 |
_aКраеведение в школе _jСборники _yСанкт-Петербург, город _91012744 _3RU\NLR\auth\6668139 |
|
| 610 | 0 | _aЛенинградцы в Великой Отечественной войне 1941-1945 гг. | |
| 610 | 0 | _aКраеведческая работа в школе | |
| 610 | 0 | _aСанкт-Петербург, история | |
| 675 |
_a94(470.23-25)"1941/1945" _v3 _zrus |
||
| 686 |
_a03.19 _2rugasnti |
||
| 686 |
_a63.3(2)622 _2rubbk |
||
| 686 | _aТ3(2)722,013 | ||
| 686 | _aЧ421.385.44 | ||
| 701 | 1 |
_aБелотелова _bА. Н. _4070 |
|
| 702 | 1 |
_aИванова _bО. В. _4340 |
|
| 712 | 0 | 1 |
_4650 _aПетербург _bМосковский район. науч.-метод. центр упр. образованием _3RU\NLR\AUTH\8810031478 _9561581 |
| 801 | 0 |
_aRU _bRKP _c20010316 _gPSBO |
|
| 801 | 1 |
_aRU _bRKP _c20010316 |
|
| 801 | 2 |
_aRU _bNLR _c20050617 _grcr |
|
| 942 | _cBOOK | ||
| 980 | _aNB | ||